| 000 | 00434nam a22001697a 4500 | ||
|---|---|---|---|
| 003 | OSt | ||
| 005 | 20120302145021.0 | ||
| 008 | 090418t xxu||||| |||| 00| 0 eng d | ||
| 035 | _a2803 | ||
| 040 | _cENGLISH | ||
| 100 |
_aSWAMI CHINMAYANAND _93573 |
||
| 245 | _aART OF MAN MAKING TALKS ON THE BHAGAEAD GEETA | ||
| 250 | _a1 ST | ||
| 260 |
_aBOMBAY _bCENTRAL CHINMAYA MISSION TRUST _c1978 |
||
| 300 | _b356 P. | ||
| 942 |
_2ddc _cBOOK |
||
| 999 |
_c488741 _d488738 |
||